| 000 | 00492nam a22001817a 4500 | ||
|---|---|---|---|
| 003 | OSt | ||
| 005 | 20221014152237.0 | ||
| 008 | 221012b |||||||| |||| 00| 0 eng d | ||
| 020 | _a87-7766-074-9 | ||
| 040 | _cBiblioteca Lado V | ||
| 082 |
_a750 _bB959f |
||
| 100 |
_9185 _aBurkard, Lene _ecurador |
||
| 245 | _aFarvens Krop/ | ||
| 260 |
_c1998 _aDinamarca _bBrandts Klaedefabrik |
||
| 300 |
_a64p. _c18x24cm |
||
| 490 | _vvolumen I | ||
| 942 |
_2ddc _c1 _h750 _iB959f _n0 |
||
| 999 |
_c2323 _d2323 |
||